Piłkarska kariera Marca Overmarsa. - Statystyki

Ogólne statystyki
  • Ten quiz został rozwiązany 25 razy
  • Średni wynik to 3 z 7
Statystyki odpowiedzi
Lata Drużyna % Poprawnych
1992-1997 Ajax
95%
2000-2004 Barcelona
81%
1997-2000 Arsenal
71%
1990-1991 Go Ahead Eagles
5%
2008-2009 Go Ahead Eagles
5%
1991-1992 Willem II
5%
2010-2011 SV Epe
0%
Nie znaleziono quizów pasujących do podanych kryteriów
Rozkład punktacji
Procent ludzi z każdym wynikiem
Percentyl według liczby udzielonych odpowiedzi
Twoja historia wyników
Nie rozwiązałeś tego quizu